000 00618nam a22002052 4500
001 0000003968
005 20151217145747.0
008 070517s xx 000 0 eng d
020 _a0764503995 :
_cKES 500 (Don.)
040 _aKABU
_cKABU
050 0 _aQA76.3
_b.A83
100 1 _aAschermann, Robert.
_@0000154255
245 1 0 _aMCSE networking essentials for dummies.
260 _aFoster City, CA :
_bIDG Books,
_c1998.
300 _axxvi, 353 p.
650 0 _aMicrosoft software
_xExaminations
_xStudy guide.
_@0000154256
908 _a070517
950 _@1
999 _c2341
_d2341